Noms de pays les plus similaires - Statistiques

Statistiques générales
  • Ce quiz a été pris 1 027 fois
    825 depuis la dernière actualisation
  • Le résultat moyen est 6 sur 16
Statistiques - réponses
Pays Modification Réponse % Correct
Iran changer 1 lettre Irak
99%
Irlande changer 1 lettre Islande
92%
Nigéria enlever 2 lettres Niger
75%
Gambie changer 1 lettre Zambie
67%
Nigéria changer 2 lettres Libéria
43%
Liban changer 2 lettres Libye
39%
Oman changer 2 lettres Iran
28%
Congo changer 2 lettres Tonga
28%
Mali ajouter 2 lettres Malawi
26%
Canada changer 2 lettres Panama
26%
Chine changer 2 lettres Chili
18%
Namibie changer 1 lettre, enlever 1 lettre Gambie
15%
Brunei ajouter 1 lettre, changer 1 lettre Burundi
8%
Mali ajouter 1 lettre, changer 1 lettre Malte
7%
Syrie changer 1 lettre, ajouter 1 lettre Serbie
7%
Ghana changer 1 lettre, ajouter 1 lettre Guyana
4%
Aucun quiz correspondant
Distribution des résultats
% des personnes avec chaque résultat
Percentile par nombre de réponses
Votre historique - résultats
Vous n’avez pas pris ce quiz depuis la dernière actualisation